Music Quiz

Random Music Quiz
Score 0/300 Timer 15:00
0 Plays Today
Hint Answer % Correct
and
100%
the
100%
the
100%
you
100%
you
100%
the
100%
the
100%
and
100%
the
100%
the
100%
the
100%
the
100%
you
100%
the
100%
the
100%
and
100%
the
100%
you
100%
you
100%
the
100%
the
100%
and
100%
the
100%
you
100%
and
100%
the
100%
the
100%
the
100%
and
100%
you
100%
you
100%
the
100%
you
100%
and
100%
and
100%
you
100%
you
100%
the
100%
the
100%
you
100%
the
100%
the
100%
the
100%
and
100%
the
100%
the
100%
you
100%
and
100%
the
100%
and
100%
the
100%
the
100%
the
100%
the
100%
the
100%
the
100%
you
100%
the
100%
the
100%
and
100%
the
100%
the
100%
the
100%
the
100%
and
100%
had
98.6%
of
98.6%
he
98.6%
to
98.6%
to
98.6%
he
98.6%
of
98.6%
to
98.6%
of
98.6%
of
98.6%
he
98.6%
he
98.6%
cancer
97.3%
bone
97.3%
your
97.3%
father
97.3%
that
97.3%
in
97.3%
your
97.3%
that
97.3%
night
97.3%
at
97.3%
we
97.3%
your
97.3%
at
97.3%
in
97.3%
your
97.3%
in
97.3%
at
97.3%
your
97.3%
father
97.3%
we
97.3%
that
97.3%
night
97.3%
told
97.3%
Hint Answer % Correct
me
97.3%
your
97.3%
in
97.3%
your
97.3%
told
97.3%
me
97.3%
night
97.3%
your
97.3%
at
97.3%
in
97.3%
in
97.3%
in
97.3%
in
97.3%
in
97.3%
in
97.3%
that
97.3%
in
97.3%
in
97.3%
i
95.9%
when
95.9%
i
95.9%
found
95.9%
out
95.9%
on
95.9%
window
95.9%
when
95.9%
i
95.9%
what
95.9%
when
95.9%
i
95.9%
on
95.9%
i
95.9%
when
95.9%
i
95.9%
when
95.9%
found
95.9%
out
95.9%
what
95.9%
did
95.9%
when
95.9%
not
95.9%
when
95.9%
i
95.9%
i
95.9%
out
95.9%
on
95.9%
i
95.9%
when
95.9%
window
95.9%
on
95.9%
on
95.9%
i
95.9%
i
95.9%
when
95.9%
i
95.9%
window
95.9%
when
95.9%
over
94.6%
just
94.6%
morning
94.6%
were
94.6%
hands
94.6%
but
94.6%
my
94.6%
morning
94.6%
were
94.6%
my
94.6%
my
94.6%
morning
94.6%
morning
94.6%
morning
94.6%
cried
93.2%
drove
93.2%
was
93.2%
bible
93.2%
study
93.2%
our
93.2%
nothing
93.2%
ever
93.2%
go
93.2%
our
93.2%
navy
91.9%
yard
91.9%
sorry
91.9%
kissed
91.9%
pray
91.9%
body
91.9%
house
91.9%
kissed
91.9%
almost
91.9%
touched
91.9%
blouse
91.9%
scared
91.9%
with
91.9%
house
91.9%
with
91.9%
with
91.9%
with
91.9%
golden
90.5%
his
90.5%
Hint Answer % Correct
car
90.5%
could
90.5%
could
90.5%
happens
90.5%
ran
90.5%
outside
90.5%
untied
90.5%
follow
90.5%
untied
90.5%
his
90.5%
telephone
89.2%
prove
89.2%
tuesday
89.2%
remember
89.2%
michael
89.2%
shoes
89.2%
shoes
89.2%
nurse
89.2%
her
89.2%
head
89.2%
takes
89.2%
takes
89.2%
takes
89.2%
rod
87.8%
4h
87.8%
stone
87.8%
see
87.8%
top
87.8%
stairs
87.8%
shirt
87.8%
shirt
87.8%
finally
87.8%
low
87.8%
see
87.8%
light
86.5%
do
86.5%
mouth
86.5%
mother
86.5%
hung
86.5%
saw
86.5%
things
85.1%
has
85.1%
neck
85.1%
crying
85.1%
has
85.1%
brought
83.8%
up
83.8%
lord
83.8%
made
83.8%
lift
83.8%
bathroom
83.8%
lord
83.8%
made
83.8%
shade
82.4%
shoulder
82.4%
reading
82.4%
living
82.4%
room
82.4%
am
82.4%
cardinal
82.4%
shade
82.4%
first
82.4%
holiday
82.4%
face
82.4%
blade
81.1%
glory
81.1%
glory
81.1%
tucked
81.1%
card
81.1%
it
81.1%
tucked
81.1%
march
81.1%
glory
81.1%
glory
81.1%
against
79.7%
without
79.7%
where
79.7%
thought
79.7%
breathing
79.7%
complications
78.4%
pictures
78.4%
runs
78.4%
hits
78.4%
winter
78.4%
complications
78.4%
wrote
77%
great
77%
sunday
75.7%
divide
75.7%
oh
73%
oh
73%
oh
73%
oh
73%
pressed
71.6%
cleaned
71.6%
floor
68.9%
took
68.9%
through
66.2%
place
66.2%
find
62.2%
Remove Ads.
Support Sporcle.
Get the best of Sporcle when you Go Orange. This ad-free experience offers more features, more stats, and more fun while also helping to support Sporcle. Thank you for becoming a member.

You're not logged in!

Compare scores with friends on all Sporcle quizzes.
OR
Log In

Show Comments

Extras

Created Oct 16, 2013ReportNominate

Top Quizzes Today


Score Distribution

Your Account Isn't Verified!

In order to create a playlist on Sporcle, you need to verify the email address you used during registration. Go to your Sporcle Settings to finish the process.

Report this User

Report this user for behavior that violates our Community Guidelines.

Details: